000 00762nam a22002537a 4500
005 20170124110008.0
010 _aA-298462
020 _c00.00
_a817033019
035 _aA-298462
037 _bCen Lib/Ret
040 _aDPL
_bEN
082 _a323.4
_bRES
100 _a.
_917270
245 _aReservation policy programmes and issues /
_cedited by Vimal P.Shah [and] Binod C Agrawal
260 _aJaipur
_bRawat publications
_c1986
270 _a3-na,Jawahar Nagar
_bJaipur
_e302004
300 _ax,200p.
_c20cm(Hb)
500 _aIncludes index
650 _aPolitical Science
_917271
650 _aIndian Constitution
_95209
700 _916991
_aShah,Vimal P.
700 _aAgeawal,Binod C.
_917272
942 _2ddc
_cEN
_h323.4
_mRES
999 _c126340
_d126340